| 000 | 00633nam a2200217 i 4500 | ||
|---|---|---|---|
| 001 | 69944 | ||
| 003 | ES-MaACL | ||
| 005 | 20250904063050.0 | ||
| 007 | t| | ||
| 008 | 040713s1985 sp |||| | spa d | ||
| 020 | _a84-02-10639 | ||
| 100 | 1 |
_aGarcía Márquez, Gabriel, _d1927-2014 _9242191 |
|
| 245 | 1 | 3 |
_aEl amor en los tiempos del cólera / _cGabriel García Márquez. |
| 250 | _a1ª ed. | ||
| 260 |
_aBarcelona : _bBruguera, _c1985. |
||
| 300 |
_a502 p. ; _c19 cm. |
||
| 490 | 1 |
_aNarradores de hoy ; _v100 |
|
| 830 | 0 |
_aNarradores de hoy ; _v100 _9182895 |
|
| 852 |
_aES-MaACL _jL-9335 |
||
| 999 |
_c69944 _d69944 |
||